000 00363nam a22001457a 4500
008 230404b ||||| |||| 00| 0 eng d
020 _a9780803615571
041 _aeng
080 _2SECOND EDITION
_a610.73
082 _a610.73LEE
100 _a9
101 _aINFER
245 _aLABORATORY AND DIAGNOSTIC TESTS WITH NURSING
_cLEEUWEN.V.M.A
942 _2udc
_cBK
999 _c59501
_d59501